All Aeromexico Destinations - Statistics

General Stats
  • This quiz has been taken 89 times
  • The average score is 47 of 66
Answer Stats
Country City % Correct
Spain Barcelona
98%
Spain Madrid
98%
Brazil São Paulo
98%
South Korea Seoul
98%
Canada Toronto
98%
Canada Vancouver
98%
Netherlands Amsterdam
95%
Argentina Buenos Aires
95%
Cuba Havana
95%
United States Miami
95%
Canada Montreal
95%
United States New York City
95%
United States San Francisco
95%
Colombia Bogota
93%
United States Chicago
93%
Guatemala Guatemala City
93%
United States Los Angeles
93%
France Paris
93%
Chile Santiago
93%
Japan Tokyo
93%
Canada Calgary
91%
Mexico Cancún
91%
United States Houston
91%
Peru Lima
91%
United Kingdom London
91%
Costa Rica San José
91%
Dominican Republic Santo Domingo
91%
Ecuador Quito
88%
United States Dallas
86%
United States Denver
86%
Colombia Medellín
86%
Mexico Mexico City
86%
El Salvador San Salvador
86%
United States Seattle
86%
United States Orlando
84%
United States Detroit
79%
United States Las Vegas
77%
Mexico Tijuana
77%
Mexico Guadalajara
74%
Mexico Monterrey
74%
Nicaragua Managua
72%
Mexico Acapulco
65%
Mexico San José del Cabo
60%
Mexico Aguascalientes
56%
Mexico Chihuahua
56%
Mexico Ciudad Juárez
56%
Mexico Puerto Vallarta
56%
Mexico León
53%
Mexico Mérida
53%
Mexico Oaxaca
51%
Mexico Veracruz
51%
Honduras San Pedro Sula
49%
Mexico Hermosillo
44%
Mexico Mazatlán
44%
United States Sacramento
44%
United States Fresno
40%
Mexico Mexicali
37%
Mexico Torreón
35%
Mexico Culiacán
33%
Mexico Ciudad del Carmen
28%
Mexico Tuxtla Gutiérrez
28%
Mexico Villahermosa
28%
Mexico Tapachula
26%
Mexico Morelia
23%
Mexico Huatulco
21%
Mexico Reynosa
21%
No matching quizzes found
Score Distribution
Percent of People with Each Score
Percentile by Number Answered
Your Score History
You have not taken this quiz